000
00254nam a2200109Ia 4500
008
200302s9999 xx 000 0 und d
100
_a
Para Leticia
245
_a
Richard Holzer
260
_b
Images Publishing, Austraila
260
_c
2010
300
_a
224 P
999
_c
4838
_d
4838